The unbreakable code / (Record no. 232278)
[ view plain ]
| 000 -LEADER | |
|---|---|
| fixed length control field | 01723nam a2200421 i 4500 |
| 001 - CONTROL NUMBER | |
| control field | bl2017016346 |
| 005 - DATE AND TIME OF LATEST TRANSACTION | |
| control field | 20180420125613.0 |
| 008 - FIXED-LENGTH DATA ELEMENTS--GENERAL INFORMATION | |
| fixed length control field | 170419s2017 nyua j 000 1 eng d |
| 010 ## - LIBRARY OF CONGRESS CONTROL NUMBER | |
| LC control number | bl2017016346 |
| 020 ## - INTERNATIONAL STANDARD BOOK NUMBER | |
| International Standard Book Number | 9781627791168 |
| 020 ## - INTERNATIONAL STANDARD BOOK NUMBER | |
| International Standard Book Number | 1627791167 |
| 035 ## - SYSTEM CONTROL NUMBER | |
| System control number | 1145583 |
| 040 ## - CATALOGING SOURCE | |
| Original cataloging agency | NjBwBT |
| Language of cataloging | eng |
| Transcribing agency | NjBwBT |
| Description conventions | rda |
| 092 ## - LOCALLY ASSIGNED DEWEY CALL NUMBER (OCLC) | |
| Classification number | junior |
| 100 1# - MAIN ENTRY--PERSONAL NAME | |
| Personal name | Bertman, Jennifer Chambliss, |
| Relator term | author. |
| 9 (RLIN) | 5706213 |
| 245 14 - TITLE STATEMENT | |
| Title | The unbreakable code / |
| Statement of responsibility, etc | Jennifer Chambliss Bertman ; with illustrations by Sarah Watts. |
| 250 ## - EDITION STATEMENT | |
| Edition statement | First edition. |
| 264 #1 - Production, Publication, Distribution, Manufacture, and Copyright Notice. | |
| Place of production, publication, distribution, manufacture | New York : |
| Name of producer, publisher, distributor, manufacturer | Henry Holt and Company, |
| Date of production, publication, distribution, manufacture, or copyr | 2017. |
| 300 ## - PHYSICAL DESCRIPTION | |
| Extent | 353 pages : |
| Other physical details | illustrations ; |
| Dimensions | 21 cm. |
| 336 ## - Content Type | |
| Content type term | text |
| 337 ## - Media type | |
| Media type term | unmediated |
| 338 ## - Carrier type | |
| Carrier type term | volume |
| 490 ## - SERIES STATEMENT | |
| Series statement | Book scavenger. |
| 500 ## - GENERAL NOTE | |
| General note | "Christy Ottaviano books." |
| 520 ## - SUMMARY, ETC. | |
| Summary, etc | Emily and James discover coded notes written by Mr. Quisling and encrypted messages in Mark Twain books, and with each book triggering an arson, the team suspects that Mr. Quisling is after an unbreakable code and may be the arsonist. |
| 650 #1 - SUBJECT ADDED ENTRY--TOPICAL TERM | |
| Topical term or geographic name as entry element | Treasure hunt (Game) |
| Form subdivision | Fiction. |
| 9 (RLIN) | 5706784 |
| 650 #1 - SUBJECT ADDED ENTRY--TOPICAL TERM | |
| Topical term or geographic name as entry element | Books and reading |
| Form subdivision | Fiction. |
| 9 (RLIN) | 5684815 |
| 650 #1 - SUBJECT ADDED ENTRY--TOPICAL TERM | |
| Topical term or geographic name as entry element | Adventure and adventurers |
| Form subdivision | Fiction. |
| 9 (RLIN) | 102533 |
| 650 #1 - SUBJECT ADDED ENTRY--TOPICAL TERM | |
| Topical term or geographic name as entry element | Arson |
| Form subdivision | Fiction. |
| 9 (RLIN) | 5694708 |
| 650 #1 - SUBJECT ADDED ENTRY--TOPICAL TERM | |
| Topical term or geographic name as entry element | Fire |
| Form subdivision | Fiction. |
| 9 (RLIN) | 5722222 |
| 650 #1 - SUBJECT ADDED ENTRY--TOPICAL TERM | |
| Topical term or geographic name as entry element | Publishers and publishing |
| Form subdivision | Fiction. |
| 9 (RLIN) | 5717268 |
| 650 #1 - SUBJECT ADDED ENTRY--TOPICAL TERM | |
| Topical term or geographic name as entry element | Mystery and detective stories. |
| 9 (RLIN) | 102581 |
| 651 #1 - SUBJECT ADDED ENTRY--GEOGRAPHIC NAME | |
| Geographic name | San Francisco (Calif.) |
| Form subdivision | Fiction. |
| 9 (RLIN) | 5679990 |
| 700 1# - ADDED ENTRY--PERSONAL NAME | |
| Personal name | Watts, Sarah |
| Fuller form of name | (Sarah Lynn), |
| Dates associated with a name | 1986- |
| Relator term | illustrator. |
| 9 (RLIN) | 5744416 |
| 800 1# - SERIES ADDED ENTRY--PERSONAL NAME | |
| Personal name | Bertman, Jennifer Chambliss. |
| Title of a work | Book scavenger. |
| 9 (RLIN) | 5744417 |
| 907 ## - LOCAL DATA ELEMENT G, LDG (RLIN) | |
| a | .b367142831 |
| 942 ## - ADDED ENTRY ELEMENTS (KOHA) | |
| Source of classification or shelving scheme | Dewey Decimal Classification |
| Koha item type | BOOK |
| Withdrawn status | Lost status | Source of classification or shelving scheme | Damaged status | Not for loan | Collection code | Home library | Current library | Shelving location | Date acquired | Cost, normal purchase price | Total Checkouts | Total Renewals | Full call number | Barcode | Date last seen | Date checked out | Cost, replacement price | Price effective from | Koha item type |
|---|---|---|---|---|---|---|---|---|---|---|---|---|---|---|---|---|---|---|---|
| Dewey Decimal Classification | Junior Fiction | Wasatch County Library | Wasatch County Library | Main Floor Junior Area | 05/05/2017 | 16.99 | 12 | 9 | J Bertman | 34301001353889 | 10/15/2025 | 08/12/2025 | 16.99 | 03/20/2020 | BOOK |
